| 000 | 00873nam a2200217Ia 4500 | ||
|---|---|---|---|
| 001 | 484 | ||
| 003 | GE_BSU | ||
| 008 | 181216s||||||||xx |||||||||||||| ||und|| | ||
| 020 | _a9789941172748 | ||
| 040 | _cGE_BSU | ||
| 080 | _a929.52(479.22)+364.054.(479.22 | ||
| 100 | _aფეიქრიშვილი,ჟუჟუნა | ||
| 245 | _aზუბალაშვილები ეროვნული მრეწველობისა და მეცენატობის სათავეებთან | ||
| 260 | _aთბილისი | ||
| 260 | _bუნივერსალი | ||
| 260 | _c2011 | ||
| 300 | _a340გვ. | ||
| 541 | _h10 ლ | ||
| 653 | _aზუბალაშვილები ეროვნული მრეწველობისა და მეცენატობის სათავეებთან | ||
| 942 | _cBK | ||
| 999 |
_c34698 _d34698 |
||